|
|
|
|
| LEADER |
00000nab a2200000 a 4500 |
| 001 |
vtls010122274 |
| 003 |
SK-MaSNL |
| 005 |
20260304155503.0 |
| 008 |
250507c2010 xo ||||||||||||00 b|slo |
| 015 |
|
|
|a SNBRB2010/08
|2 snkbucl
|
| 035 |
|
|
|a (uuid)f31c76cb-e40c-4a26-bd03-d6c0c43e4388
|
| 035 |
|
|
|a urn:nbn:sk:snk-abeus3
|
| 035 |
|
|
|a (urnnbn)urn:nbn:sk:snk:ar-000kab
|
| 038 |
|
|
|a SNKBUCL
|
| 040 |
|
|
|a SNKBUCL
|b slo
|c SNKBUCL
|e AACR2
|
| 041 |
1 |
|
|a slo
|a fre
|h fre
|
| 044 |
|
|
|a xo
|c SK
|
| 080 |
|
|
|a 821.133.1 (494)-1
|2 2001
|
| 100 |
1 |
|
|a Jaccottet, Philippe,
|d 1925-
|4 aut
|9 123795
|
| 245 |
1 |
0 |
|a Kŕdeľ prameňov
|c Philippe Jaccottet ; preložil Vlastimil Kovalčík
|
| 500 |
|
|
|a Blok obsahuje 13 básní
|
| 500 |
|
|
|a Pozn. prekladateľa
|
| 504 |
|
|
|a Bibliogr. odkazy
|
| 650 |
0 |
7 |
|a francúzske básne
|2 snkbucl
|9 1097205
|
| 740 |
0 |
2 |
|a Kuvik
|
| 740 |
0 |
2 |
|a Či existuje čosi také-
|
| 740 |
0 |
2 |
|a Entre la plus lointaine étoile et nous- = Medzi nami a najvzdialenejšou hviezdou-
|
| 740 |
0 |
2 |
|a Nešťastie/ako vrch-
|
| 740 |
0 |
2 |
|a Áno, je to tak, videl som smrť-
|
| 740 |
0 |
2 |
|a Just tak načúvame hlasu-
|
| 740 |
0 |
2 |
|a Mraky sa hromadia-
|
| 740 |
0 |
2 |
|a Starnúci básnik píše-
|
| 740 |
0 |
2 |
|a Modlitba skonávajúcich-
|
| 740 |
0 |
2 |
|a Pamätám sa aj na istý stôl-
|
| 740 |
0 |
2 |
|a Lelek, nočný vták-
|
| 740 |
0 |
2 |
|a Nuž tak sme žili-
|
| 740 |
0 |
2 |
|a Kto by ju nazval kométou-
|
| 773 |
0 |
|
|t Slovenské pohľady
|g Roč. IV.+126, č. 6 (2010), s. 26-32
|x 1335-7786
|
| 850 |
|
|
|a Slovenská národná knižnica
|
| 852 |
|
|
|a Slovenská národná knižnica
|
| 958 |
|
|
|a article27
|
| 958 |
|
|
|a LX
|
| 958 |
|
|
|a CH
|
| 958 |
|
|
|a FR
|
| 958 |
|
|
|a NB
|
| 958 |
|
|
|a OND
|
| 958 |
|
|
|a EUIPO
|
| 999 |
|
|
|c 2962608
|d 2964538
|